أحوال المعرفة : (Record no. 31095)
[ view plain ]
| 000 -الفاتح | |
|---|---|
| حقل البيانات ثابتة الطول | 02016nas a2200373 a 4500 |
| 001 - رقم الضبط | |
| رقم الضبط | ahwal-almarifa-v23-n91 |
| 003 - محدد رقم الضبط | |
| رقم الضبط | SA-KAU |
| 005 - وقت وتاريخ اخر تعامل مع التسجيلة | |
| رقم الضبط | 20260209142829.0 |
| 008 - عناصر البيانات ثابتة الطول - معلومات عامة | |
| حقل البيانات ثابتة الطول | 180601s2018 su ar p 0 0ara d |
| 022 ## - | |
| -- | [ISSN غير متوفر] |
| 040 ## - مصدر الفهرسة | |
| وكالة الفهرسة الأصلية | SA-KAU |
| لغة الفهرسة | ara |
| قواعد الوصف | aacr2 |
| وكالة النسخ | SA-KAU |
| 041 ## - رمز اللغة | |
| رمز لغة النص/ المسارات الصوتية أو العنوان الانفرادي | ara |
| 043 ## - رمز المنطقة الجغرافية | |
| رمز المنطقة الجغرافية | a-su--- |
| 082 ## - رقم تصنيف ديوى العشرى | |
| رقم التصنيف | 306.09538 |
| رقم الطبعة | 22 |
| 245 ## - بيان العنوان | |
| العنوان | أحوال المعرفة : |
| بقية العنوان | شارع ثقافة الرياض المأمول / |
| بيان المسئوليه,etc | تصدر عن مكتبة الملك عبدالعزيز العامة. |
| 246 ## - العنوان الموازى | |
| عنوان صحيح/عنوان مختصر | شارع ثقافة الرياض المأمول |
| 260 ## - PUBLICATION, DISTRIBUTION, ETC. (IMPRINT) | |
| مكان الناشر او الموزع | الرياض : |
| اسم الناشر او الموزع | مكتبة الملك عبدالعزيز العامة، |
| تاريخ النشر أو التوزيع | 2018. |
| 300 ## - الوصف المادى | |
| التعداد | 95 ص. : |
| تفاصيل ماديه اخرى للوعاء | مصورات ؛ |
| أبعاد الوعاء | 30 سم. |
| 310 ## - | |
| -- | فصلية |
| 362 ## - | |
| -- | العدد 91، السنة الثالثة والعشرون (شوال 1439هـ / يونيو 2018م). |
| 500 ## - تبصرة عامة | |
| تبصرة عامة | دورية ثقافية. |
| 500 ## - تبصرة عامة | |
| تبصرة عامة | يذكر على الغلاف: وزارة الثقافة.. حقبة جديدة للثقافة السعودية. |
| 500 ## - تبصرة عامة | |
| تبصرة عامة | العدد يتضمن مقالات ودراسات ثقافية وأدبية. |
| 550 ## - | |
| -- | تصدر عن مكتبة الملك عبدالعزيز العامة. |
| 650 ## - المدخل الاضافى بالموضوع-مصطلح موضوعى | |
| مصطلح موضوعي أو اسم جغرافي كعنصر مدخل | الثقافة |
| التقسيم الفرعي الجغرافي | السعودية |
| التقسيم الفرعي الشكلي | دوريات. |
| 650 ## - المدخل الاضافى بالموضوع-مصطلح موضوعى | |
| مصطلح موضوعي أو اسم جغرافي كعنصر مدخل | الحياة الثقافية |
| التقسيم الفرعي الجغرافي | الرياض |
| التقسيم الفرعي الشكلي | دوريات. |
| 650 ## - المدخل الاضافى بالموضوع-مصطلح موضوعى | |
| مصطلح موضوعي أو اسم جغرافي كعنصر مدخل | المؤسسات الثقافية |
| التقسيم الفرعي الجغرافي | السعودية |
| التقسيم الفرعي الشكلي | دوريات. |
| 700 ## - المدخل الاضافى - اسم شخصى | |
| الإسم الشخصى | بن معمر، فيصل بن عبدالعزيز، |
| الدور | مشرف عام. |
| 700 ## - المدخل الاضافى - اسم شخصى | |
| الإسم الشخصى | الزيد، عبدالكريم بن عبدالرحمن، |
| الدور | نائب المشرف العام. |
| 700 ## - المدخل الاضافى - اسم شخصى | |
| الإسم الشخصى | أبو ملحه، سعيد بن ناصر، |
| الدور | رئيس تحرير. |
| 700 ## - المدخل الاضافى - اسم شخصى | |
| الإسم الشخصى | السعدي، عبدالله بن عبدالكريم، |
| الدور | مدير تحرير. |
| 710 ## - المدخل الاضافى - اسم هيئه | |
| اسم الهيئة أو اسم السلطة كمدخل | مكتبة الملك عبدالعزيز العامة. |
No items available.